000 00396nam a22001697a 4500
003 MPLRDC
005 20220104123355.0
008 210129b ||||| |||| 00| 0 eng d
082 _a435.8 SM
100 _a苏明编著
245 _a树桩盆景百间百答
_c
250 _a第二版
260 _a
_b香港得利书局
_c1985
300 _b
650 _a盆栽
942 _cBK
_o435.8 SM
999 _c10912
_d10902